000 00630cam a22002177a 4500
020 _a1416029540
020 _a9781416029540
040 _cDLC
082 _a632 MAH 2007 A118 Or.
245 0 0 _aBotanicals as Ecofriendly Pesticides
250 _a2nd ed.
260 _aPhiladelphia, PA :
_bSaunders Elsevier,
_cc2007.
300 _axxiv, 1238 p. :
_bill. ;
_c29 cm.
650 0 _aIntegrative medicine.
650 1 2 _aComplementary Therapies
650 2 2 _aPreventive Medicine
650 2 2 _aPrimary Health Care
700 1 _aRakel, David.
856 4 1 _uhttp://www.loc.gov/catdir/toc/ecip071/2006031591.html
942 _cAEDBB
999 _c20745
_d20745